Жаргалтай болох зориг: Адлерын хувь хүний хөгжлийн сургаал 2 (Record no. 32872)

MARC details
000 -LEADER
fixed length control field 01140nam a22002537a 4500
003 - CONTROL NUMBER IDENTIFIER
control field OSt
005 - DATE AND TIME OF LATEST TRANSACTION
control field 20260213062144.0
008 - FIXED-LENGTH DATA ELEMENTS--GENERAL INFORMATION
fixed length control field 240118b mp ||||| |||| 00| 0 mon d
020 ## - INTERNATIONAL STANDARD BOOK NUMBER
International Standard Book Number 9789919957292
Qualifying information (зөөлөн хавтастай)
040 ## - CATALOGING SOURCE
Original cataloging agency MN-MNUMS
Language of cataloging MON
Transcribing agency MN-MNUMS
Modifying agency MN-MNUMS
Description conventions rda
082 ## - DEWEY DECIMAL CLASSIFICATION NUMBER
Edition number 21
Classification number 155
Item number И 968
100 ## - MAIN ENTRY--PERSONAL NAME
Personal name Кишими Ичиро
9 (RLIN) 53821
Relator term зохиогч
245 ## - TITLE STATEMENT
Title Жаргалтай болох зориг: Адлерын хувь хүний хөгжлийн сургаал 2
Statement of responsibility, etc. /Япон хэлнээс орчуулсан: Д. Алтанцэцэг; Редактор: Ц. Дэлгэрмаа
264 #1 - PRODUCTION, PUBLICATION, DISTRIBUTION, MANUFACTURE, AND COPYRIGHT NOTICE
Place of production, publication, distribution, manufacture Улаанбаатар:
Date of production, publication, distribution, manufacture, or copyright notice 2023.
300 ## - PHYSICAL DESCRIPTION
Extent 238 хуудастай.
Size of unit 22 см
546 ## - LANGUAGE NOTE
Хэл монгол
Information code or alphabet (кирилл)
650 #4 - SUBJECT ADDED ENTRY--TOPICAL TERM
Topical term or geographic name entry element грекийн гүн ухаан
9 (RLIN) 69184
Topical term or geographic name entry element ад үзэгдэх зориг
9 (RLIN) 69166
Topical term or geographic name entry element хүний хөгжилийн сургаал
9 (RLIN) 69185
700 ## - ADDED ENTRY--PERSONAL NAME
Personal name Кога Фүмитакэ
Relator term зохиогч
9 (RLIN) 53822
Personal name Дэлгэрмаа, Ц.
Relator term редактор
9 (RLIN) 67288
Personal name Чимгээ, Д.
Relator term редактор
9 (RLIN) 69186
942 ## - ADDED ENTRY ELEMENTS (KOHA)
Source of classification or shelving scheme Dewey Decimal Classification
Koha item type Ном
Holdings
Date last seen Inventory number Total Checkouts Full call number Barcode Price effective from Koha item type Public note Lost status Source of classification or shelving scheme Damaged status Not for loan Withdrawn status Home library Current library Shelving location Date acquired Cost, normal purchase price
01/18/2024 28554   150 И 968 ATNS-M01583 01/18/2024 Ном 2024.06   Dewey Decimal Classification       Эрдэм шинжилгээний номын сан Эрдэм шинжилгээний номын сан Үндсэн фонд 01/18/2024 23000.00